Mecánica de materiales
Guardat en:
| Autor principal: | |
|---|---|
| Format: | Llibre |
| Idioma: | espanyol |
| Publicat: |
Ciudad de México
Alfaomega
1996
|
| Matèries: | |
| Etiquetes: |
Afegir etiqueta
Sense etiquetes, Sigues el primer a etiquetar aquest registre!
|
MARC
| LEADER | 00000nam a2200000 a 4500 | ||
|---|---|---|---|
| 001 | UCN2077 | ||
| 003 | CL-VaPUC | ||
| 005 | 20240724162847.0 | ||
| 008 | 010511e19960000MX |||||||||||||||||spa|d | ||
| 999 | |c 295236 |d 295234 | ||
| 040 | |c Pontificia Universidad Católica de Valparaíso | ||
| 082 | 0 | 4 | |a 620.1123 |b FIT |2 21 |
| 100 | 0 | |a Fitzgerald, Robert W |e author |9 457650 | |
| 245 | 1 | 0 | |a Mecánica de materiales |
| 260 | |a Ciudad de México |b Alfaomega |c 1996 | ||
| 300 | |a 557 p | ||
| 583 | |a last modification |c 20010511 00:00:00 |k Rodrigo Vera | ||
| 650 | 0 | |a Mecánica de materiales |v Problemas, ejercicios, etc. |9 890319 | |
| 650 | 0 | |a Resistencia de materiales |x Ingeniería |v Problemas, ejercicios, etc. |9 890316 | |
| 650 | 0 | |a Análisis de estructuras |9 346651 |x Tensión, torsión, flexión, etc. | |
| 942 | |c BK |2 ddc | ||
| 945 | |d 20010511 00:00:00 |a vberengu | ||
| 952 | |0 0 |1 0 |2 ddc |4 0 |6 620_112300000000000_FIT_1996 |7 0 |8 A |9 348204 |a BIBING |b BIBING |c RES |d 2019-11-20 |i 3736709 |l 1 |o 620.1123 FIT 1996 |p 3736709 |r 2025-01-20 |s 2024-05-23 |w 2019-11-20 |y BK |k CCL | ||
| 952 | |0 0 |1 0 |2 ddc |4 0 |6 620_112300000000000_FIT_1996 |7 0 |8 A |9 348205 |a BIBING |b BIBING |c RES |d 2019-11-20 |i 3736717 |o 620.1123 FIT 1996 |p 3736717 |r 2025-01-20 |w 2019-11-20 |y BK |k CCL | ||